[Event "choose your opening weapons 2"]
[Site "SchemingMind.com"]
[Date "2013.07.28"]
[Round "-"]
[White "Fjoskrakk"]
[Black "emvarela"]
[Result "1/2-1/2"]
[WhiteCountry "NOR"]
[BlackCountry "ARG"]
[WhiteElo "1904"]
[WhiteRD "96"]
[BlackElo "1720"]
[BlackRD "50"]
[GameID "335423"]

1. e4 e5 2. Nf3 Nc6 3. Bb5 a6 4. Ba4 Nf6 5. O-O Be7 6. Re1 b5 7. Bb3 O-O 8. d4 d6 9. dxe5 Nxe5 10. h3 Bb7
11. Nbd2 Nxf3+ 12. Qxf3 c5 13. c3 c4 14. Bc2 Nd7 15. Nf1 Ne5 16. Qe2 Qc7 17. Ne3 Bf6 18. Nd5 Bxd5 19. exd5 Rfe8 20. Be3 Nd7
21. Qg4 Ne5 22. Qf5 Ng6 23. Rad1 Re5 24. Qg4 Rae8 25. Bxg6 fxg6 26. Qg3 Qf7 27. Qf3 Rf5 28. Bf4 Be5 29. Re4 Bxf4 30. g3 Rxe4
31. Qxe4 Be5 32. Qe3 Rf3 33. Qb6 Qd7 34. Kg2 Rd3 35. Re1 Rxd5 36. Qxa6 Rd2 37. a4 Rxb2 38. axb5 Rxb5 39. Qa8+ Kf7 40. Qf3+ Qf5
41. Qc6 Rb2 42. Qxc4+ Kf6 43. Rf1 Rc2 44. Qc7 Qe4+ 45. Kg1 Qa8 46. Re1 Rxc3 47. Qb6 Ra3 48. Qc7 Rc3 49. Qb6 Ra3 50. Qc7 Qa7
51. Qd8+ Kf7 52. Kf1 Ra1 53. Rxa1 Qxa1+ 54. Kg2 Qa4 55. Qc7+ Ke6 56. Qc8+ Qd7 57. Qg8+ Qf7 58. Qxh7 Bd4 59. f3 Ke5 60. h4 Qa2+
61. Kh3 Kf5 62. Qh8 Qe6 63. Qf8+ Bf6 64. Qb8 Ke5+ 65. Kg2 Bxh4 66. Qb2+ Kf5 67. gxh4 Qe5 68. Qc2+ Kf6 69. Qc6 g5 70. hxg5+ Qxg5+
71. Kf1 Qe5 72. Qc4= g5 73. Qc8 Qa1+ 74. Kf2 Qb2+ 75. Kf1 Qb5+ 76. Kg2 Qe2+ 77. Kg1 Qe1+ 78. Kg2 Qe6 79. Qc3+ Qe5 80. Qc8 Qe2+=
1/2-1/2

[Event "choose your opening weapons 2"]
[Site "SchemingMind.com"]
[Date "2013.07.25"]
[Round "-"]
[White "Fjoskrakk"]
[Black "harijs"]
[Result "0-1"]
[WhiteCountry "NOR"]
[BlackCountry "LAT"]
[WhiteElo "1923"]
[WhiteRD "95"]
[BlackElo "2176"]
[BlackRD "114"]
[GameID "335424"]

1. e4 d5 2. exd5 Qxd5 3. Nc3 Qd8 4. d4 Nf6 5. Bc4 c6 6. Nge2 Bg4 7. f3 Bf5 8. Ng3 Bg6 9. O-O e6 10. Be3 Nbd7
11. Re1 Be7 12. Qd2 O-O 13. Rad1 Nd5 14. Nxd5 cxd5 15. Bb3 b5 16. Ne2 a5 17. a4 b4 18. Nf4 Bf5 19. g4 Bg6 20. Nxg6 hxg6
21. c4 bxc3 22. bxc3 Bd6 23. g5 Rc8 24. Qd3 Qc7 25. Re2 Qxc3 26. Rc2 Qb4 27. Bd2 Qb8 28. Bxa5 Rxc2 29. Qxc2 Bxh2+ 30. Qxh2 Qxb3
31. Qe2 Qxa4 32. Bc7 Rc8 33. Bf4 Rc2 34. Qd3 e5 35. dxe5 Nc5 36. Qe3 Ne6 37. Bg3 d4 38. Qe4 Nxg5 39. Qd5 Kh7 40. Rf1 Qa6
41. Rf2 Nh3+ 42. Kg2 Rxf2+ 43. Bxf2 Nf4+ 44. Kg3 Nxd5
0-1

[Event "choose your opening weapons 2"]
[Site "SchemingMind.com"]
[Date "2013.07.25"]
[Round "-"]
[White "Fjoskrakk"]
[Black "Scooter"]
[Result "1-0"]
[WhiteCountry "NOR"]
[BlackCountry "USA"]
[WhiteElo "1893"]
[WhiteRD "103"]
[BlackElo "1729"]
[BlackRD "51"]
[GameID "335425"]

1. e4 c6 2. Nf3 d5 3. Nc3 dxe4 4. Nxe4 Bf5 5. Ng3 Bg6 6. h4 h6 7. Ne5 Bh7 8. Qh5 g6 9. Bc4 e6 10. Qe2 Nf6
11. Nxf7 Kxf7 12. Qxe6+
1-0

[Event "choose your opening weapons 2"]
[Site "SchemingMind.com"]
[Date "2013.07.30"]
[Round "-"]
[White "Fjoskrakk"]
[Black "Olli Ylönen"]
[Result "1-0"]
[WhiteCountry "NOR"]
[BlackCountry "FIN"]
[WhiteElo "1908"]
[WhiteRD "90"]
[BlackElo "1847"]
[BlackRD "59"]
[GameID "335426"]

1. e4 c5 2. Nf3 d6 3. d4 cxd4 4. Nxd4 Nf6 5. Nc3 a6 6. Bg5 e6 7. f4 Qb6 8. Qd2 Qxb2 9. Rb1 Qa3 10. e5 dxe5
11. fxe5 Nfd7 12. Ne4 Qxa2 13. Rd1 Qd5 14. Qe3 Qxe5 15. Bf4 Qa5+ 16. Kf2 Bc5 17. Nd6+ Bxd6 18. Bxd6 b5 19. Nxe6 Qb6 20. Nc5+
1-0

[Event "choose your opening weapons 2"]
[Site "SchemingMind.com"]
[Date "2013.07.25"]
[Round "-"]
[White "Fjoskrakk"]
[Black "kenneth m day"]
[Result "1-0"]
[WhiteCountry "NOR"]
[BlackCountry "USA"]
[WhiteElo "1923"]
[WhiteRD "95"]
[BlackElo "1771"]
[BlackRD "54"]
[GameID "335427"]

1. e4 e5 2. Nf3 Nc6 3. Bb5 f5 4. Nc3 fxe4 5. Nxe4 Nf6 6. Nxf6+ Qxf6 7. Qe2 Be7 8. Bxc6 dxc6 9. Nxe5 O-O 10. O-O Bf5
11. d4 Rad8 12. c3 Bd6 13. f4 Rfe8 14. Bd2 c5 15. Rad1 cxd4 16. cxd4 Qh4 17. Bc3 Re6 18. Qc4 Kh8 19. Nf7+ Kg8 20. Nxd8 Qxd8
21. Rde1 Qd7 22. Rxe6 Bxe6 23. d5 Bf7 24. f5 c6 25. Qd4 Bxd5 26. f6 Qe6 27. f7+
1-0

[Event "choose your opening weapons 2"]
[Site "SchemingMind.com"]
[Date "2013.07.26"]
[Round "-"]
[White "Fjoskrakk"]
[Black "Simon Green"]
[Result "1-0"]
[WhiteCountry "NOR"]
[BlackCountry "ENG"]
[WhiteElo "1893"]
[WhiteRD "103"]
[BlackElo "1534"]
[BlackRD "89"]
[GameID "335428"]

1. e4 e6 2. d4 d5 3. Nc3 Nf6 4. Bg5 Be7 5. e5 Nfd7 6. h4 Bxg5 7. hxg5 Qxg5 8. Nh3 Qe7 9. Nf4 c5 10. Nb5 cxd4
11. Nd6+ Kd8 12. Qg4 f5 13. Qxg7 Qxg7 14. Nxe6+
1-0

[Event "choose your opening weapons 2"]
[Site "SchemingMind.com"]
[Date "2013.07.29"]
[Round "-"]
[White "emvarela"]
[Black "Fjoskrakk"]
[Result "0-1"]
[WhiteCountry "ARG"]
[BlackCountry "NOR"]
[WhiteElo "1760"]
[WhiteRD "50"]
[BlackElo "1906"]
[BlackRD "91"]
[GameID "335429"]

1. e4 c5 2. Nf3 Nc6 3. d4 cxd4 4. Nxd4 Nf6 5. Nc3 e6 6. Nxc6 bxc6 7. e5 Nd5 8. Ne4 Qc7 9. f4 Qb6 10. c4 Ne3
11. Bxe3 Qxe3+ 12. Qe2 Bb4+ 13. Kd1 Qxf4 14. a3 Be7 15. Nc3 Bc5 16. g3 Qe3 17. Qxe3 Bxe3 18. Bg2 Bd4 19. Re1 Rb8 20. Kc2 a5
21. Rad1 Ba7 22. Ne4 Ba6 23. Nd6+ Ke7 24. b3 Rhf8 25. Kc3 f6 26. exf6+ Rxf6 27. b4 axb4+ 28. axb4 Bb6 29. c5 Bc7 30. g4 g6
31. Ra1 Bb5 32. Nxb5 Rxb5 33. Ra7 Kd8 34. Ra8+ Bb8 35. Rd1 Ke7 36. Ra5 Rxa5 37. bxa5 Rf2 38. Rd2 Rxd2 39. Kxd2 Ba7
0-1

[Event "choose your opening weapons 2"]
[Site "SchemingMind.com"]
[Date "2013.07.26"]
[Round "-"]
[White "harijs"]
[Black "Fjoskrakk"]
[Result "1-0"]
[WhiteCountry "LAT"]
[BlackCountry "NOR"]
[WhiteElo "2176"]
[WhiteRD "114"]
[BlackElo "1923"]
[BlackRD "95"]
[GameID "335430"]

1. d4 d5 2. c4 dxc4 3. Nf3 a6 4. e3 Bg4 5. Bxc4 e6 6. Qb3 Bxf3 7. gxf3 b5 8. Be2 Nd7 9. a4 b4 10. Nd2 Ngf6
11. Qc2 c5 12. dxc5 Nxc5 13. b3 Be7 14. Bb2 O-O 15. Bd4 Rc8 16. Nc4 Nd5 17. Rd1 Qc7 18. Rg1 Bf6 19. Bxf6 Nxf6 20. Nd6 Rcd8
21. Rg5 Nd5 22. Ne4 Nxe4 23. Qxc7 Nxc7 24. fxe4 Rxd1+ 25. Kxd1 Rd8+ 26. Ke1 f6 27. Rc5 Rd7 28. Rc4 a5 29. Rc5 Ne8 30. Rxa5 Nd6
31. e5 Ne4 32. exf6 gxf6 33. Rb5 Nc3 34. Rxb4 Nxe2 35. Kxe2 Kf8 36. a5 Ra7 37. Rb8+ Ke7 38. b4 Kd7 39. Rb6 h6 40. a6 Ra8
41. Rb7+ Kc8 42. b5 h5 43. Rf7 Rb8 44. a7
1-0

[Event "choose your opening weapons 2"]
[Site "SchemingMind.com"]
[Date "2013.07.26"]
[Round "-"]
[White "Scooter"]
[Black "Fjoskrakk"]
[Result "0-1"]
[WhiteCountry "USA"]
[BlackCountry "NOR"]
[WhiteElo "1729"]
[WhiteRD "51"]
[BlackElo "1893"]
[BlackRD "103"]
[GameID "335431"]

1. d4 Nf6 2. Nf3 d5 3. Bf4 Bf5 4. e3 e6 5. Bd3 Ne4 6. O-O Nd7 7. h3 a6 8. Bxe4 Bxe4 9. Nbd2 Bg6 10. a3 c5
11. c3 cxd4 12. cxd4 Be7 13. Rc1 Qb6 14. b4 Bd3 15. Re1 Bb5 16. Bc7 Qa7 17. a4 Bc6 18. Ra1 Bxb4 19. Qb3 Be7 20. a5 O-O
21. Rec1 Rfc8 22. Ne5 Rxc7
0-1

[Event "choose your opening weapons 2"]
[Site "SchemingMind.com"]
[Date "2013.07.30"]
[Round "-"]
[White "Olli Ylönen"]
[Black "Fjoskrakk"]
[Result "0-1"]
[WhiteCountry "FIN"]
[BlackCountry "NOR"]
[WhiteElo "1847"]
[WhiteRD "59"]
[BlackElo "1908"]
[BlackRD "90"]
[GameID "335432"]

1. e4 e5 2. Nf3 Nc6 3. Bb5 f5 4. Nc3 Nd4 5. exf5 Nxb5 6. Nxb5 e4 7. Qe2 Nf6 8. d3 d5 9. dxe4 dxe4 10. Bf4 Bb4+
11. Nd2 Ba5 12. O-O-O Qe7 13. Nc4 a6 14. Nxa5 axb5 15. Qxb5+ Bd7 16. Qxb7 Rxa5 17. Bxc7 Rxa2 18. Qb8+ Kf7 19. Qxh8 Ra1+ 20. Kd2 Qb4+
21. Ke3 Qc5+ 22. Ke2 Bb5+ 23. Ke1 Qc4 24. Kd2 Qd4+
0-1

[Event "choose your opening weapons 2"]
[Site "SchemingMind.com"]
[Date "2013.07.26"]
[Round "-"]
[White "kenneth m day"]
[Black "Fjoskrakk"]
[Result "1-0"]
[WhiteCountry "USA"]
[BlackCountry "NOR"]
[WhiteElo "1770"]
[WhiteRD "52"]
[BlackElo "1893"]
[BlackRD "103"]
[GameID "335433"]

1. e4 c5 2. d4 cxd4 3. c3 Nf6 4. e5 Nd5 5. Nf3 d6 6. Bc4 Nb6 7. Bb3 e6 8. cxd4 Nc6 9. O-O Be7 10. Bf4 O-O
11. Nc3 d5 12. Rc1 Na5 13. Bc2 Bd7 14. Re1 Rc8 15. Qd3 Nac4 16. Qxh7#
1-0

[Event "choose your opening weapons 2"]
[Site "SchemingMind.com"]
[Date "2013.07.27"]
[Round "-"]
[White "Simon Green"]
[Black "Fjoskrakk"]
[Result "0-1"]
[WhiteCountry "ENG"]
[BlackCountry "NOR"]
[WhiteElo "1556"]
[WhiteRD "82"]
[BlackElo "1923"]
[BlackRD "95"]
[GameID "335434"]

1. d4 Nf6 2. e3 d5 3. Bd3 c5 4. c3 Nc6 5. f4 cxd4 6. exd4 Bg4 7. Nf3 e6 8. O-O Be7 9. Nbd2 Qc7 10. Nb3 O-O
11. Qe1 Rfe8 12. Ne5 Bf5 13. Bxf5 exf5 14. Qg3 Ne4 15. Qd3 Rad8 16. Nd2 f6 17. Nxc6 bxc6 18. Nxe4 fxe4 19. Qg3 f5 20. Be3 Rd6
21. Rac1 Qb6 22. Rc2 Rg6 23. Qf2 Qa6 24. b4 Qc4 25. Bd2 Bd8 26. a3 Rge6 27. Be3 a5 28. Rb1 axb4 29. cxb4 Qa6 30. Rb3 Bf6
31. Rc5 Be7 32. Ra5 Qb6 33. Qd2 Qb7 34. Qc3 Ra8 35. Rxa8+ Qxa8 36. h3 Qb8 37. a4 g5 38. g3 Rg6 39. fxg5 Qxg3+ 40. Kf1 Qxh3+
41. Ke2 Qf3+ 42. Kd2 f4
0-1

[Event "choose your opening weapons 2"]
[Site "SchemingMind.com"]
[Date "2013.07.26"]
[Round "-"]
[White "fanfan_la_Tulipe"]
[Black "Fjoskrakk"]
[Result "1-0"]
[WhiteCountry "AUT"]
[BlackCountry "NOR"]
[WhiteElo "2012"]
[WhiteRD "72"]
[BlackElo "1908"]
[BlackRD "90"]
[GameID "335468"]

1. d4 d5 2. c4 dxc4 3. e4 Nc6 4. Nf3 Bg4 5. Bxc4 e6 6. d5 Bxf3 7. Qxf3 Ne5 8. Qc3 Nxc4 9. Qxc4 exd5 10. Qb5+ Qd7
11. Qxb7 Rd8 12. exd5 Qxd5 13. Qxd5 Rxd5 14. O-O Bc5 15. Nc3 Rd7 16. Bf4 Ne7 17. Rad1 a6 18. Rfe1 Rxd1 19. Rxd1 c6 20. Ne4 Bb4
21. a3 Ba5 22. Nc5 O-O 23. Nxa6 Nd5 24. Bc1 Re8 25. Kf1 Bb6 26. Re1 Kf8 27. Rxe8+ Kxe8 28. Ke2 Kd7 29. Nb4 Nxb4 30. axb4 Bc7
31. g3 Bd6 32. Bd2 Ke6 33. Kd3 Kf5 34. Bc3 f6 35. f3 h5 36. Kc4 g5 37. b5 cxb5+ 38. Kxb5 Be5 39. Bxe5 fxe5 40. Kc5 g4
41. fxg4+ Kxg4 42. Kd5 Kh3 43. Kxe5 Kxh2 44. Kf4 Kh3 45. b4 h4 46. gxh4 Kxh4 47. b5
1-0

[Event "choose your opening weapons 2"]
[Site "SchemingMind.com"]
[Date "2013.07.28"]
[Round "-"]
[White "fanfan_la_Tulipe"]
[Black "emvarela"]
[Result "1-0"]
[WhiteCountry "AUT"]
[BlackCountry "ARG"]
[WhiteElo "2012"]
[WhiteRD "72"]
[BlackElo "1767"]
[BlackRD "50"]
[GameID "335469"]

1. d4 Nf6 2. c4 e6 3. Nc3 Bb4 4. e3 O-O 5. Ne2 d5 6. a3 Be7 7. cxd5 exd5 8. Ng3 Be6 9. Bd3 c5 10. O-O c4
11. Bc2 a6 12. f3 Nc6 13. Nce2 Bd6 14. e4 Bxg3 15. hxg3 dxe4 16. fxe4 Bg4 17. d5 Qb6+ 18. Kh2 Bxe2 19. Qxe2 Nd4 20. Qf2 Nxc2
21. Qxb6 Nxa1 22. Rxf6
1-0

[Event "choose your opening weapons 2"]
[Site "SchemingMind.com"]
[Date "2013.07.26"]
[Round "-"]
[White "fanfan_la_Tulipe"]
[Black "harijs"]
[Result "0-1"]
[WhiteCountry "AUT"]
[BlackCountry "LAT"]
[WhiteElo "2012"]
[WhiteRD "72"]
[BlackElo "2176"]
[BlackRD "107"]
[GameID "335470"]

1. d4 Nf6 2. c4 e6 3. Nc3 Bb4 4. e3 O-O 5. Ne2 d5 6. a3 Bxc3+ 7. Nxc3 Qe7 8. cxd5 exd5 9. Bd3 Re8 10. O-O h6
11. Qc2 b6 12. f3 c5 13. Bd2 c4 14. Bf5 Bxf5 15. Qxf5 Qd8 16. Rad1 Nc6 17. Rf2 Re6 18. Kh1 Qd7 19. g4 Ne7 20. Qf4 Nh7
21. h4 b5 22. g5 h5 23. e4 Nf8 24. Be1 Nfg6 25. Qh2 a5 26. f4 dxe4 27. f5 e3 28. Rf3 Nxf5 29. Rxf5 e2 30. Rd2 b4
31. Nb5 Rb6 32. Rf2 Rxb5 33. axb4 axb4 34. Rfxe2 Rf5 35. Kg1 Rf4 36. Rd1 Rg4+ 37. Kf1 Qd5 38. Re3 Qf5+ 39. Bf2 Rxh4 40. Qg2 Ra2
41. Re8+ Kh7
0-1

[Event "choose your opening weapons 2"]
[Site "SchemingMind.com"]
[Date "2013.07.26"]
[Round "-"]
[White "fanfan_la_Tulipe"]
[Black "Scooter"]
[Result "1/2-1/2"]
[WhiteCountry "AUT"]
[BlackCountry "USA"]
[WhiteElo "2012"]
[WhiteRD "72"]
[BlackElo "1743"]
[BlackRD "51"]
[GameID "335471"]

1. d4 Nf6 2. c4 g6 3. Nc3 Bg7 4. e4 d6 5. f3 O-O 6. Be3 e5 7. Nge2 c6 8. Qd2 Nbd7 9. d5 cxd5 10. cxd5 a6
11. g4 b5 12. Ng3 Bb7 13. h4 Rc8 14. h5 Nb6 15. b3 Nfd7 16. hxg6 fxg6 17. Be2 Qc7 18. Rc1 Qd8 19. Bd1 Nc5 20. b4 Nc4
21. Qe2 Nxe3 22. Qxe3 Bf6 23. Rc2 Bg5 24. Qe2 Nd7 25. Qh2 Qe7 26. Nb1 Rxc2 27. Qxc2 Rc8 28. Nc3 Nb6 29. Qd3 Nc4 30. Nf1 Nb2
31. Qb1 Nxd1 32. Nxd1 Qf6 33. Ke2 Qf4 34. Nfe3 Qg3 35. Rf1 Qf4 36. Rh1 Rf8 37. Rf1 Bc8 38. Qc2 Bh4 39. Kd3 Qf7 40. Qc6 Qd7
41. Qxd7 Bxd7 42. Nc3 Bg5 43. Ncd1 Kg7 44. Ke2 Rc8 45. Kd2 Bxe3+ 46. Nxe3 h6 47. Rh1 Rc7 48. Rh2 Rc8 49. Rh1 Rc7=
1/2-1/2

[Event "choose your opening weapons 2"]
[Site "SchemingMind.com"]
[Date "2013.07.31"]
[Round "-"]
[White "fanfan_la_Tulipe"]
[Black "Olli Ylönen"]
[Result "1-0"]
[WhiteCountry "AUT"]
[BlackCountry "FIN"]
[WhiteElo "2012"]
[WhiteRD "72"]
[BlackElo "1847"]
[BlackRD "59"]
[GameID "335472"]

1. d4 d5 2. c4 c6 3. Nf3 Nf6 4. Nc3 e6 5. Bg5 h6 6. Bh4 dxc4 7. e4 g5 8. Bg3 b5 9. Be2 Bb7 10. O-O Nbd7
11. d5 cxd5 12. exd5 Nxd5 13. Nxb5 a6 14. Nd6+ Bxd6 15. Bxd6 N7b6 16. Ba3 c3 17. Qd4 Qf6 18. Qxf6 Nxf6 19. bxc3 Nbd5 20. c4 Nc3
21. Bd1 Nxd1 22. Rfxd1 Bxf3 23. gxf3 Rd8 24. Rab1 Nd7 25. Rb7 f5 26. Rd6 e5 27. Re6+
1-0

[Event "choose your opening weapons 2"]
[Site "SchemingMind.com"]
[Date "2013.07.26"]
[Round "-"]
[White "fanfan_la_Tulipe"]
[Black "kenneth m day"]
[Result "1-0"]
[WhiteCountry "AUT"]
[BlackCountry "USA"]
[WhiteElo "1957"]
[WhiteRD "80"]
[BlackElo "1771"]
[BlackRD "54"]
[GameID "335473"]

1. d4 Nf6 2. c4 e6 3. Nc3 Bb4 4. e3 O-O 5. Ne2 d5 6. a3 Be7 7. cxd5 exd5 8. Nf4 c6 9. Bd3 Qc7 10. Qc2 Bd6
11. Nfe2 Bg4 12. Ng3 Nbd7 13. h3 Be6 14. Nf5 Bxf5 15. Bxf5 Rfe8 16. Bd2 Nf8 17. O-O Ne6 18. Rac1 Ng5 19. Nb5 Qe7 20. Nxd6 Qxd6
21. Bb4 Nge4 22. Bxd6
1-0

[Event "choose your opening weapons 2"]
[Site "SchemingMind.com"]
[Date "2013.07.26"]
[Round "-"]
[White "fanfan_la_Tulipe"]
[Black "Simon Green"]
[Result "1-0"]
[WhiteCountry "AUT"]
[BlackCountry "ENG"]
[WhiteElo "1957"]
[WhiteRD "80"]
[BlackElo "1556"]
[BlackRD "82"]
[GameID "335474"]

1. d4 e6 2. c4 d5 3. Nc3 Nf6 4. cxd5 Nxd5 5. e4 Nxc3 6. bxc3 Be7 7. Nf3 O-O 8. Bd3 Nc6 9. O-O b6 10. Qe2 Bb7
11. Bf4 f6 12. Rad1 Bd6 13. Bc1 e5 14. Bc4+ Kh8 15. dxe5 Nxe5 16. Nxe5 fxe5 17. Rd3 Qe7 18. Rg3 Qf6 19. Bg5 Qg6 20. Be7 Qf6
21. Bxf6 Rxf6 22. Rf3 Rxf3 23. Qxf3 Rf8 24. Qd3 g6 25. Bd5 Bxd5 26. Qxd5 Kg7 27. Qb7 a5 28. Rd1 Rf7 29. Rxd6
1-0

[Event "choose your opening weapons 2"]
[Site "SchemingMind.com"]
[Date "2013.07.26"]
[Round "-"]
[White "Fjoskrakk"]
[Black "fanfan_la_Tulipe"]
[Result "0-1"]
[WhiteCountry "NOR"]
[BlackCountry "AUT"]
[WhiteElo "1906"]
[WhiteRD "91"]
[BlackElo "2023"]
[BlackRD "74"]
[GameID "335475"]

1. e4 e5 2. Nf3 Nc6 3. Bb5 a6 4. Ba4 Nf6 5. O-O b5 6. Bb3 Bb7 7. Nc3 Bc5 8. Nxe5 Nxe5 9. d4 Bd6 10. dxe5 Bxe5
11. Re1 O-O 12. Nd5 c5 13. c3 c4 14. Bc2 Nxd5 15. exd5 d6 16. Re3 f5 17. Rh3 g6 18. Bh6 Rf7 19. Qd2 Qd7 20. Rd1 Re8
21. f4 Bf6 22. Rf1 Rfe7 23. Bd1 Qc7 24. Bg5 Bxg5 25. fxg5 Qc5+ 26. Kh1 Bxd5 27. Bf3 Bxf3 28. Rhxf3 Re2 29. Qc1 Qe5 30. a3 d5
31. h3 d4 32. cxd4 Qxd4 33. Qc3 Qxc3 34. bxc3 Ra2 35. Rd1 Rxa3 36. Rd6 a5 37. h4 b4 38. cxb4 Ra1+ 39. Kh2 axb4 40. h5 gxh5
41. Rxf5 Rf8 42. Rc5 Rc1 43. Rb6 b3 44. Rxb3 cxb3 45. Rxc1 b2 46. Rd1 Rb8 47. Rb1 Kg7 48. Kg3 Rb4 49. Kf3 Kg6 50. Kg3 Kxg5
51. Kf3 h4 52. Ke3 Kg4 53. Kf2 Rb3 54. Kg1 Kg3 55. Kf1 h6 56. Kg1 Rc3
0-1

[Event "choose your opening weapons 2"]
[Site "SchemingMind.com"]
[Date "2013.07.28"]
[Round "-"]
[White "emvarela"]
[Black "fanfan_la_Tulipe"]
[Result "0-1"]
[WhiteCountry "ARG"]
[BlackCountry "AUT"]
[WhiteElo "1741"]
[WhiteRD "47"]
[BlackElo "1957"]
[BlackRD "80"]
[GameID "335476"]

1. e4 e5 2. Nf3 Nc6 3. Bb5 a6 4. Bxc6 dxc6 5. O-O Qf6 6. d3 Bg4 7. Nc3 Ne7 8. h3 Bxf3 9. Qxf3 Qxf3 10. Be3 Qh5
0-1

[Event "choose your opening weapons 2"]
[Site "SchemingMind.com"]
[Date "2013.07.27"]
[Round "-"]
[White "harijs"]
[Black "fanfan_la_Tulipe"]
[Result "1-0"]
[WhiteCountry "LAT"]
[BlackCountry "AUT"]
[WhiteElo "2176"]
[WhiteRD "107"]
[BlackElo "2012"]
[BlackRD "72"]
[GameID "335477"]

1. e4 e5 2. Nf3 Nc6 3. Bc4 Nf6 4. Ng5 d5 5. exd5 Na5 6. Bb5+ c6 7. dxc6 bxc6 8. Be2 h6 9. Nf3 e4 10. Ne5 Bd6
11. d4 exd3 12. Nxd3 Qc7 13. b3 c5 14. Bf3 Rb8 15. c4 O-O 16. Nc3 Bf5 17. Be3 Rfd8 18. Qe2 Nc6 19. Bxc6 Qxc6 20. O-O-O Qxg2
21. h3 Qc6 22. f3 Nh5 23. Rhg1 Re8 24. Qf2 Bxd3 25. Rxd3 Nf4 26. Bxf4 Bxf4+ 27. Kb1 Qe6 28. Nd5 Bd6 29. Qg2 g6 30. Qc2 Kg7
31. f4 f6 32. Rxg6+ Kf7 33. Rxf6+ Qxf6 34. Nxf6
1-0

[Event "choose your opening weapons 2"]
[Site "SchemingMind.com"]
[Date "2013.07.26"]
[Round "-"]
[White "Scooter"]
[Black "fanfan_la_Tulipe"]
[Result "1/2-1/2"]
[WhiteCountry "USA"]
[BlackCountry "AUT"]
[WhiteElo "1743"]
[WhiteRD "51"]
[BlackElo "2012"]
[BlackRD "72"]
[GameID "335478"]

1. d4 Nf6 2. Nf3 g6 3. Bf4 Bg7 4. e3 O-O 5. h3 d6 6. Be2 c5 7. c3 Nbd7 8. Nbd2 Re8 9. O-O e5 10. dxe5 dxe5
11. Bg5 e4 12. Nh2 h6 13. Bxf6 Nxf6 14. Bb5 Bd7 15. Bxd7 Qxd7 16. Qc2 Rad8 17. Rfd1 Qd3 18. Qxd3 Rxd3 19. Nb3 c4 20. Nc5 Rxd1+
21. Rxd1 b6 22. Nd7 Rd8 23. Nxf6+ Bxf6 24. Rxd8+ Bxd8 25. Ng4 Kg7 26. Ne5 b5 27. Nc6 Bb6 28. Nd4 a6 29. Kf1 Kf6 30. Nc6 Ke6
31. Ke2 Kd5 32. Nb4+ Kd6 33. Nxa6 Bd8 34. Nb4 Ba5 35. Nc2 Bd8 36. Nd4 Kc5 37. f3 exf3+ 38. gxf3 Bh4 39. f4 Bf6 40. Kf3 Bh8
41. Ke4 f5+ 42. Kf3 Bf6 43. b4+ cxb3 44. axb3 Bh4 45. Ne6+ Kd5 46. Nf8 g5 47. Ng6 Be1 48. c4+ bxc4 49. bxc4+ Kxc4 50. Ne5+ Kd5
51. Nf7 g4+ 52. hxg4 fxg4+ 53. Kxg4 Ke4 54. Nxh6 Kxe3 55. f5 Bc3 56. f6=
1/2-1/2

[Event "choose your opening weapons 2"]
[Site "SchemingMind.com"]
[Date "2013.07.31"]
[Round "-"]
[White "Olli Ylönen"]
[Black "fanfan_la_Tulipe"]
[Result "0-1"]
[WhiteCountry "FIN"]
[BlackCountry "AUT"]
[WhiteElo "1847"]
[WhiteRD "59"]
[BlackElo "2012"]
[BlackRD "72"]
[GameID "335479"]

1. e4 e5 2. Nf3 Nc6 3. d4 exd4 4. Nxd4 Bc5 5. Be3 Qf6 6. c3 Nge7 7. Bc4 Ne5 8. Be2 Qg6 9. O-O d6 10. f3 O-O
11. Nd2 d5 12. Kh1 b6 13. f4 Ng4 14. f5 Nxe3 15. fxg6 Nxd1 16. gxh7+ Kxh7 17. Raxd1 Bb7 18. exd5 Bxd5 19. Bc4 g6 20. Bxd5 Nxd5
21. N2f3 Ne3 22. b4 Bxd4 23. cxd4 Nxd1 24. Rxd1 f6 25. g4 Rfe8 26. Re1 Rxe1+ 27. Nxe1 Re8
0-1

[Event "choose your opening weapons 2"]
[Site "SchemingMind.com"]
[Date "2013.07.26"]
[Round "-"]
[White "kenneth m day"]
[Black "fanfan_la_Tulipe"]
[Result "0-1"]
[WhiteCountry "USA"]
[BlackCountry "AUT"]
[WhiteElo "1764"]
[WhiteRD "48"]
[BlackElo "2009"]
[BlackRD "77"]
[GameID "335480"]

1. e4 e5 2. Nf3 Nc6 3. c3 Nf6 4. d4 exd4 5. e5 Nd5 6. Qb3 Nb6 7. cxd4 Bb4+ 8. Nc3 d6 9. Bb5 O-O 10. O-O dxe5
11. dxe5 Be6 12. Qc2 Nd4 13. Nxd4 Qxd4 14. Be3 Qxe5 15. Bd3 g6 16. a3 Bc5 17. Rfe1 Bxe3 18. Rxe3 Qg7 19. h4 c6 20. h5 Nd5
21. Rg3 Nf4 22. hxg6 fxg6 23. Be4 Nh5 24. Rg5 Qf6 25. Qd2 Rad8 26. Qe3 Nf4 27. Rg3 Nd5 28. Nxd5 Bxd5 29. Bxd5+ Rxd5 30. Re1 Qxb2
31. Qxa7 Rd2 32. Qc5 Rdxf2 33. Qc4+ Kg7 34. Qd3 R2f7 35. Re2 Qb6+ 36. Kh2 Qc7 37. Qd4+ Kg8 38. Qc4 Qf4 39. Qe6 Qh4+ 40. Rh3 Qf4+
41. Rg3 Qf5 42. Qc4 b5 43. Qe6 Qxe6 44. Rxe6 Rf6 45. Re5 R6f7 46. Rc5 Rc8 47. Rgc3 Rfc7 48. Rc2 Kf7 49. Kg3 Ke6 50. Kf4 Kd6
51. Ke4 Ra8 52. R2c3 Ra4+ 53. Kd3 Rxa3 54. Rxc6+ Rxc6 55. Rxa3 b4 56. Rb3 Rc3+ 57. Rxc3 bxc3 58. Kxc3 Ke5 59. Kd3 Kf4 60. Ke2 Kg3
61. Kf1 h5 62. Kg1 g5 63. Kh1 Kf2 64. Kh2 g4 65. Kh1 h4 66. Kh2 h3 67. gxh3 g3+
0-1

[Event "choose your opening weapons 2"]
[Site "SchemingMind.com"]
[Date "2013.07.26"]
[Round "-"]
[White "Simon Green"]
[Black "fanfan_la_Tulipe"]
[Result "0-1"]
[WhiteCountry "ENG"]
[BlackCountry "AUT"]
[WhiteElo "1556"]
[WhiteRD "82"]
[BlackElo "1957"]
[BlackRD "80"]
[GameID "335481"]

1. d4 Nf6 2. e3 g6 3. Bd3 Bg7 4. f4 d6 5. Nf3 O-O 6. O-O Nbd7 7. Nbd2 e5 8. fxe5 dxe5 9. Qe1 exd4 10. exd4 c5
11. Nb3 cxd4 12. Nfxd4 Nc5 13. Qh4 Nxd3 14. cxd3 Ng4 15. Qxd8 Rxd8 16. Rf4 Ne5 17. Nc5 b6 18. Ncb3 Nxd3 19. Re4 f5 20. Nc6 fxe4
21. Nxd8 Bd7 22. Bg5 a5 23. Nb7 Bxb2 24. Rf1 a4 25. Nd2 Bd4+ 26. Kh1 Nf2+ 27. Rxf2 Bxf2 28. Nxe4 Bd4 29. Nf6+ Bxf6 30. Bxf6 Rf8
31. Bd4 Rf1+ 32. Bg1 Bc6 33. Nd6 b5 34. h3 Ra1 35. Nc4 bxc4
0-1